Регионална библиотека "Любен Каравелов" - Русе

Думите (Запис номер 160687)

MARC детайли
000 -Лидер
Контролно поле с фиксирана дължина 01142nam a2200313 c 4500
003 - Код на организацията, давaща контролен номер
Контролно поле BLK
005 - Дата и час на последна редакция
Контролно поле 20250603142809.0
008 - Елементи от данни с фиксирана дължина
fixed length control field 180410b bul|||||r ||||||| ||bul||
010 ## - Наследен системен номер
LC control number KNG00167969000
020 ## - Международен стандартен номер на книга ISBN
Международен стандартен номер на книга ISBN 978-954-769-312-8
-- издат.: Обсидиан
040 ## - Източник на каталожния запис
Идентификатор на билиотеката - собственик на записа BLK
041 ## - Код за език
Код за езика на текст/звукозапис или на отделно заглавие Български
Код за езика КДБФ Български
080 ## - УДК
Текстов определител УДК Българска литература
УДК код - определител по УДК 821.163.2
УДК определител -32
УДК - код + определител 821.163.2-32
100 ## - Редна дума - Автор
Автор Русев, Богдан Бориславов
Дати, свързани с автора 1975-
R(LIN) 365584
139 ## - Редно поле
Редна дума Русев, Богдан Бориславов
Авторски знак Русе - Р 94
245 10 - Сведения за заглавието
Заглавие Думите
Подзаглавни данни Новели
Редно поле (дума) Богдан Бориславов Русев.
257 ## - Страна на издаване
Страна на създаване/издаване България
260 ## - Област на издателските данни
-- София
Име на издателя, разпространителя и проч. Обсидиан
Година на издаване 2012
Печатница В. Търново : Абагар
300 ## - Физическа характеристика
Страници 208 с.
Размери/Мащаб 20 см
380 ## - Жанр
Жанр Худож. лит.
500 ## - Общи забележки
Забележка Съдържа : Духове ; Племена ; Бурени ; Корени.
653 ## - Ключова дума – ненормативна
Ключова дума новели
852 ## - Местоположение
Форматна сигнатура Цб 271638
856 4# - Електронен адрес и достъп
Електронен формат pdf - файл
Път до файла /url/
856 4# - Електронен адрес и достъп
Електронен формат pdf - файл
Път до файла /url/
942 ## - АРТИКУЛИ
Вид на библиотечния материал Книги
Скрит в OPAC Не
Koha issues (borrowed), all copies 12
944 ## - СЪЗДАВАНЕ И РЕДАКЦИЯ на ЗАПИСА
Създаване/Редакция Създаване
Дата на регистрацията/редакция 28.11.2014
Статус, дата на статуса Минев Младен
Служител, извършил регистрацията/редакцията 30530
944 ## - СЪЗДАВАНЕ И РЕДАКЦИЯ на ЗАПИСА
Създаване/Редакция Редакция
Дата на регистрацията/редакция 05.12.2014
Статус, дата на статуса ф /
Служител, извършил регистрацията/редакцията Людмила_Стоянова
999 ## - СИСТЕМНИ КОНТРОЛНИ НОМЕРА
Koha biblionumber 160687
Koha biblioitemnumber 160687
Наличности
Код за отписване Код за изгубен артикул Код за повреда Коз за рестрикции Код за отдаване Артикулен № Име на библиотеката - собственик Име на библиотеката, в която се намира в момента Статус (Текущо местоположение) Дата на вписване в системата Местоположение - отдел Цена в лева Инвентарен номер Систематично азбучна сигнатура Баркод Номер на екземпляра Цена в евро Служебна бележка Служебен тип на артикула Източник на класификационната схема
  Не е изгубен Не е повреден без рестрикции заемане за дома 268645 Регионална библиотека "Любен Каравелов" Русе Регионална библиотека "Любен Каравелов" Русе Заемна - подръчен фонд 2014-11-30 Заемна - подръчен фонд 12.00 120000783310 П 886.7-32/Р 94 120000783310 1 6.14 Дост: Pk Вид: Ф N: 419 Дата: 22.11.2014 Дата инв: 12.02.2018 Бележки инв: П2018 Книги  
  Не е изгубен Не е повреден без рестрикции заемане за дома 268646 Регионална библиотека "Любен Каравелов" Русе Регионална библиотека "Любен Каравелов" Русе Заемна - подръчен фонд 2014-11-30 Заемна - подръчен фонд 12.00 120000783311 П 886.7-32/Р 94 120000783311 2 6.14 Дост: Pk Вид: Ф N: 419 Дата: 22.11.2014 Дата инв: 07.03.2018 Бележки инв: П2018 Книги  
  Не е изгубен Не е повреден   заемане за дома 750234 Регионална библиотека "Любен Каравелов" Русе Регионална библиотека "Любен Каравелов" Русе Заемна - подръчен фонд 2019-12-03 Заемна - подръчен фонд 8.76   П 886.7-32/Р 94 120000838500   4.48   Книги Universal Decimal Classification
  Не е изгубен Не е повреден   заемане за дома 750235 Регионална библиотека "Любен Каравелов" Русе Регионална библиотека "Любен Каравелов" Русе Заемна - подръчен фонд 2019-12-03 Заемна - подръчен фонд 8.76   П 886.7-32/Р 94 120000838501   4.48   Книги Universal Decimal Classification
Vip Innovations Ltd, Rousse, Bulgaria 2025